[Event "?"]
[Site "ICS rated blitz match, 164.58"]
[Date "1997.??.??"]
[Round "?"]
[White "Brause"]
[Black "sadatsugu"]
[Result "1-0"]
[WhiteElo "2375"]
[BlackElo "1900"]
[PlyCount "95"]

1. e4 e5 2. Nf3 Nc6 3. Nc3 Nf6 4. Nxe5 Nxe5 5. d4 Ng6 6. e5 Ng8 7. Bc4 d6 8.
Qf3 Be6 9. Qxb7 Rb8 10. Bb5+ Bd7 11. Bxd7+ Kxd7 12. Qxa7 N8e7 13. exd6 Nc6 14.
Qxc7+ Qxc7 15. dxc7 Kxc7 16. Nd5+ Kd6 17. Ne3 Nxd4 18. c3 Ne6 19. O-O Kc6 20.
b4 Be7 21. a4 Bf6 22. b5+ Kb7 23. Nd5 Rhc8 24. f4 Nc7 25. Nxf6 gxf6 26. Rd1 Rd8
27. Rxd8 Rxd8 28. g3 f5 29. c4 Ne6 30. a5 Nd4 31. a6+ Ka8 32. b6 Ne2+ 33. Kg2
Nxc1 34. Rxc1 Ne7 35. Re1 Nc6 36. c5 Nb4 37. Re7 Kb8 38. a7+ Ka8 39. Rxf7 Nd3
40. c6 Nc5 41. Kh3 h5 42. Rxf5 h4 43. Rxc5 hxg3 44. Ra5 Rh8+ 45. Kg4 Rg8+ 46.
Kh5 Rh8+ 47. Kg6 Rg8+ 48. Kh7 1-0

[Event "?"]
[Site "ICS rated blitz match, 164.58"]
[Date "1997.??.??"]
[Round "?"]
[White "Brause"]
[Black "sadatsugu"]
[Result "1-0"]
[WhiteElo "2380"]
[BlackElo "1900"]
[PlyCount "89"]

1. e4 e5 2. Nf3 Nc6 3. Nc3 Nf6 4. Nxe5 Nxe5 5. d4 Ng6 6. e5 Ng8 7. Bc4 d5 8.
Bxd5 Bb4 9. Qf3 Qe7 10. Bxb7 Bxb7 11. Qxb7 Bxc3+ 12. bxc3 Rd8 13. Qxa7 Nh6 14.
O-O c5 15. Qb6 O-O 16. Ba3 Rb8 17. Qxc5 Qh4 18. Qd5 Rfd8 19. Qf3 Rbc8 20. Rae1
Qg5 21. Bc1 Qe7 22. Re2 Qe6 23. Bg5 Rd7 24. Bxh6 gxh6 25. a3 Ne7 26. Qg3+ Kh8
27. f4 Nf5 28. Qf3 h5 29. Rd2 Nh4 30. Qxh5 Nf5 31. Rd3 Rg8 32. Rh3 Qg6 33. Qxg6
Rxg6 34. Kf2 Ra7 35. Ra1 Rga6 36. Kf3 Rxa3 37. Rxa3 Rxa3 38. Ke4 Ne7 39. c4 Ra1
40. d5 Rg1 41. d6 Nc6 42. Kd5 Nb4+ 43. Kc5 Nxc2 44. Rd3 Ne1 45. Rd2 1-0

[Event "?"]
[Site "ICS rated blitz match, 164.58"]
[Date "1997.??.??"]
[Round "?"]
[White "Brause"]
[Black "sadatsugu"]
[Result "1-0"]
[WhiteElo "2380"]
[BlackElo "1895"]
[PlyCount "65"]

1. e4 e5 2. Nf3 Nc6 3. Nc3 Nf6 4. Nxe5 Nxe5 5. d4 Ng6 6. e5 Ng8 7. Bc4 d5 8.
Bxd5 c6 9. Bb3 Bb4 10. O-O Bxc3 11. bxc3 Be6 12. f4 Bxb3 13. cxb3 f5 14. Ba3
N8e7 15. Bd6 O-O 16. Qd3 Rf7 17. c4 Nc8 18. Bb4 a5 19. Ba3 Nge7 20. Rad1 Nb6
21. d5 cxd5 22. Bxe7 Qxe7 23. cxd5 Rd8 24. d6 Qe6 25. Qb5 Nd7 26. Qxb7 Nxe5 27.
Qb6 Ng4 28. Qxd8+ Rf8 29. Qe7 Qh6 30. h3 Rf7 31. Qe8+ Rf8 32. d7 Qh4 33. d8=Q
1-0

[Event "?"]
[Site "ICS rated blitz match, 164.58"]
[Date "1997.??.??"]
[Round "?"]
[White "Brause"]
[Black "sadatsugu"]
[Result "1-0"]
[WhiteElo "2380"]
[BlackElo "1895"]
[PlyCount "63"]

1. e4 e5 2. Nf3 Nc6 3. Nc3 Nf6 4. Nxe5 Nxe5 5. d4 Neg4 6. e5 Qe7 7. Be2 Nxe5 8.
dxe5 Qxe5 9. O-O Be7 10. Re1 O-O 11. Bd3 Qc5 12. Nb5 Bd6 13. Be3 Qc6 14. Nxa7
Rxa7 15. Bxa7 b6 16. Qf3 Qxf3 17. gxf3 Bb7 18. Be4 Nxe4 19. fxe4 Ra8 20. Bxb6
cxb6 21. Rad1 Bf4 22. Rxd7 Bc6 23. Rd4 h5 24. e5 Bg5 25. a3 Re8 26. b4 Re6 27.
f4 Bh4 28. Red1 Rg6+ 29. Kf1 Bf3 30. R1d2 Rg4 31. c4 g5 32. f5 1-0

[Event "?"]
[Site "ICS rated blitz match, 164.58"]
[Date "1997.??.??"]
[Round "?"]
[White "Brause"]
[Black "Neptune"]
[Result "1-0"]
[WhiteElo "2385"]
[BlackElo "1720"]
[PlyCount "108"]

1. e4 e5 2. Nf3 Nc6 3. Nc3 Nf6 4. Nxe5 Nxe5 5. d4 Ng6 6. e5 Qe7 7. f4 Ng8 8.
Bc4 b6 9. O-O Bb7 10. Nb5 O-O-O 11. Nxa7+ Kb8 12. Nb5 f6 13. Qd3 fxe5 14. fxe5
Nh6 15. Qg3 Qb4 16. b3 Bc6 17. a4 Be7 18. Ba3 Qa5 19. Bxe7 Nxe7 20. Qxg7 Nhf5
21. Qg5 Rdg8 22. Bxg8 Rxg8 23. Qxg8+ Nxg8 24. Rxf5 Ne7 25. Rf8+ Kb7 26. Rd1 Nd5
27. Rf3 Bxb5 28. axb5 Nc3 29. Rd2 Nxb5 30. Rfd3 Nc3 31. g3 Qa1+ 32. Kg2 Ne4 33.
Re2 Ng5 34. d5 Qa5 35. e6 dxe6 36. dxe6 Qc5 37. e7 Qc6+ 38. Kf1 Ne4 39. Rd8 Nf6
40. Kf2 Qc5+ 41. Kf3 Qf5+ 42. Kg2 Qg6 43. e8=Q Nxe8 44. Rdxe8 Qc6+ 45. R8e4 Qc3
46. h3 Qc6 47. c4 Kc8 48. R2e3 Kd7 49. Rd3+ Kc8 50. Rd5 Qf6 51. Re8+ Kb7 52.
Rde5 Qd6 53. g4 Qd2+ 54. Re2 Qd4 1-0

[Event "?"]
[Site "ICS rated blitz match, 164.58"]
[Date "1997.??.??"]
[Round "?"]
[White "Brause"]
[Black "Neptune"]
[Result "1-0"]
[WhiteElo "2385"]
[BlackElo "1720"]
[PlyCount "49"]

1. e4 e5 2. Nf3 Nc6 3. Nc3 Nf6 4. Nxe5 Nxe5 5. d4 Nc6 6. d5 Ne5 7. f4 Ng6 8. e5
Ng8 9. d6 cxd6 10. exd6 Qh4+ 11. g3 Qf6 12. Nb5 Bxd6 13. Nxd6+ Kd8 14. Qd5 Qe6+
15. Qxe6 fxe6 16. Nf7+ Ke7 17. Nxh8 Nxh8 18. Bd2 Nf6 19. O-O-O d5 20. Bb4+ Kf7
21. Bd3 g6 22. Rhe1 Kg7 23. Bc3 Nf7 24. g4 Nd6 25. g5 1-0

[Event "?"]
[Site "ICS rated blitz match, 164.58"]
[Date "1997.??.??"]
[Round "?"]
[White "Brause"]
[Black "Neptune"]
[Result "1-0"]
[WhiteElo "2385"]
[BlackElo "1720"]
[PlyCount "23"]

1. e4 e5 2. Nf3 Nc6 3. Nc3 Nf6 4. Nxe5 Nxe5 5. d4 Neg4 6. e5 Nxf2 7. Kxf2 Ng8
8. Bc4 c6 9. Qf3 Qe7 10. Bg5 f6 11. exf6 Nxf6 12. Rhe1 1-0

[Event "?"]
[Site "ICS rated blitz match, 164.58"]
[Date "1997.??.??"]
[Round "?"]
[White "Brause"]
[Black "Neptune"]
[Result "1-0"]
[WhiteElo "2385"]
[BlackElo "1720"]
[PlyCount "53"]

1. e4 e5 2. Nf3 Nc6 3. Nc3 Nf6 4. Nxe5 Nxe5 5. d4 Ng6 6. e5 Be7 7. Bc4 O-O 8.
exf6 Bxf6 9. O-O c6 10. Be3 d5 11. Bb3 Bf5 12. Qh5 Qd7 13. h3 Rae8 14. Rae1 Re7
15. g4 Be6 16. g5 Bxh3 17. gxf6 Rxe3 18. Rxe3 Bg4 19. Qh2 gxf6 20. Qh6 f5 21.
Ne2 Bxe2 22. Rxe2 f4 23. Qh5 Kh8 24. Rfe1 Qd6 25. Re8 Rg8 26. Rxg8+ Kxg8 27. c3
1-0

[Event "?"]
[Site "ICS rated blitz match, 164.58"]
[Date "1997.??.??"]
[Round "?"]
[White "Brause"]
[Black "Neptune"]
[Result "1-0"]
[WhiteElo "2385"]
[BlackElo "1720"]
[PlyCount "101"]

1. e4 e5 2. Nf3 Nc6 3. Nc3 Nf6 4. Nxe5 Nxe5 5. d4 Ng6 6. e5 Be7 7. Bc4 O-O 8.
exf6 Bxf6 9. O-O c6 10. Be3 d5 11. Bb3 Re8 12. Qd3 Be6 13. Rad1 Qd7 14. Rfe1 b5
15. Nb1 a5 16. c3 Bf5 17. Qd2 a4 18. Bc2 Bxc2 19. Qxc2 Re7 20. Re2 Rae8 21.
Rde1 Re6 22. Qf5 R8e7 23. Qh5 Qe8 24. Qf3 Nh4 25. Qh3 g6 26. Na3 Nf5 27. Nc2
Nxe3 28. Rxe3 Rxe3 29. Rxe3 Rxe3 30. Qxe3 Qxe3 31. Nxe3 Bg5 32. Kf1 Bxe3 33.
fxe3 f5 34. Ke2 Kf7 35. Kf3 Kf6 36. g3 g5 37. Ke2 h5 38. Kd2 Ke6 39. Kd3 Kd6
40. Ke2 c5 41. dxc5+ Kxc5 42. Kd3 b4 43. cxb4+ Kxb4 44. Kd4 h4 45. Kxd5 a3 46.
bxa3+ Kxa3 47. Ke5 hxg3 48. hxg3 f4 49. exf4 gxf4 50. gxf4 Kxa2 51. f5 1-0

[Event "?"]
[Site "ICS rated blitz match, 164.58"]
[Date "1997.??.??"]
[Round "?"]
[White "Brause"]
[Black "Neptune"]
[Result "1-0"]
[WhiteElo "2385"]
[BlackElo "1720"]
[PlyCount "41"]

1. e4 e5 2. Nf3 Nc6 3. Nc3 Nf6 4. Nxe5 Nxe5 5. d4 Bd6 6. dxe5 Bxe5 7. Bd3 Kf8
8. O-O Kg8 9. Bd2 h5 10. Qf3 d6 11. Bf4 Bg4 12. Qe3 Bxc3 13. bxc3 b6 14. Qd4
Qe7 15. e5 dxe5 16. Qxe5 Qxe5 17. Bxe5 c5 18. Bxf6 gxf6 19. a4 Kg7 20. a5 Rhb8
21. Be4 1-0

[Event "?"]
[Site "ICS rated blitz match, 164.58"]
[Date "1997.??.??"]
[Round "?"]
[White "Brause"]
[Black "Neptune"]
[Result "1-0"]
[WhiteElo "2385"]
[BlackElo "1720"]
[PlyCount "85"]

1. e4 e5 2. Nf3 Nc6 3. Nc3 Nf6 4. Nxe5 Nxe5 5. d4 Ng6 6. e5 Be7 7. Bc4 O-O 8.
exf6 Bxf6 9. O-O c6 10. Be3 d5 11. Bb3 Be6 12. Re1 Qd7 13. Qd2 b5 14. a3 a5 15.
Re2 a4 16. Ba2 Rfe8 17. Rae1 Re7 18. Bg5 Bxg5 19. Qxg5 Rae8 20. Re3 h6 21. Qg3
Bf5 22. Bb1 Rxe3 23. Rxe3 Rxe3 24. Qxe3 Kf8 25. Qg3 Qe8 26. Qd6+ Kg8 27. Kf1
Nf8 28. Qc7 Bd7 29. Ne2 Qe4 30. f3 Qe3 31. Qf4 Qxf4 32. Nxf4 g5 33. Nd3 Ng6 34.
b3 axb3 35. cxb3 f5 36. Nc5 Bc8 37. a4 bxa4 38. bxa4 Nf4 39. a5 g4 40. g3 Nh3
41. Bxf5 Bxf5 42. a6 gxf3 43. a7 1-0

[Event "?"]
[Site "ICS rated blitz match, 164.58"]
[Date "1997.??.??"]
[Round "?"]
[White "Brause"]
[Black "Neptune"]
[Result "1-0"]
[WhiteElo "2385"]
[BlackElo "1720"]
[PlyCount "37"]

1. e4 e5 2. Nf3 Nc6 3. Nc3 Nf6 4. Nxe5 Nxe5 5. d4 Ng6 6. e5 Be7 7. Bc4 O-O 8.
exf6 Bxf6 9. O-O c6 10. Be3 d5 11. Bb3 Be6 12. Re1 Qd7 13. Qd2 b5 14. a3 a5 15.
Re2 Rfd8 16. Rd1 b4 17. axb4 axb4 18. Na4 Be7 19. Nb6 1-0

[Event "?"]
[Site "ICS rated blitz match, 164.58"]
[Date "1997.??.??"]
[Round "?"]
[White "Brause"]
[Black "Neptune"]
[Result "1-0"]
[WhiteElo "2385"]
[BlackElo "1720"]
[PlyCount "57"]

1. e4 e5 2. Nf3 Nc6 3. Nc3 Nf6 4. Nxe5 Nxe5 5. d4 Ng6 6. e5 Be7 7. exf6 Bxf6 8.
Bc4 O-O 9. O-O c6 10. Be3 d5 11. Bb3 Re8 12. Qd3 Be6 13. Rad1 b5 14. Nb1 a5 15.
c3 Qd7 16. Bc2 Nf8 17. Rfe1 g6 18. Bh6 Bf5 19. Qf3 Bg7 20. Bxf5 Qxf5 21. Qxf5
gxf5 22. Bxg7 Kxg7 23. Nd2 Re6 24. Kf1 Rae8 25. Nb3 Nd7 26. Nxa5 Rxe1+ 27. Rxe1
Ra8 28. Nxc6 Rxa2 29. Re7 1-0

[Event "?"]
[Site "ICS rated blitz match, 164.58"]
[Date "1997.??.??"]
[Round "?"]
[White "Brause"]
[Black "Neptune"]
[Result "1-0"]
[WhiteElo "2385"]
[BlackElo "1720"]
[PlyCount "75"]

1. e4 e5 2. Nf3 Nc6 3. Nc3 Nf6 4. Nxe5 Nxe5 5. d4 Ng6 6. e5 Be7 7. Bc4 O-O 8.
exf6 Bxf6 9. O-O c6 10. Be3 d5 11. Bb3 b5 12. a3 a5 13. Re1 Re8 14. Rc1 Bf5 15.
Qh5 Qd7 16. h3 Nf8 17. Re2 Bg6 18. Qf3 Re6 19. Nxd5 cxd5 20. Bxd5 Rae8 21. Bxe6
Rxe6 22. Rd1 Rd6 23. c3 Ne6 24. Qa8+ Qd8 25. Qxd8+ Rxd8 26. d5 Kf8 27. Ree1 Ng5
28. Bb6 Ra8 29. d6 Bd8 30. Bxd8 Rxd8 31. Re5 f6 32. Rxb5 a4 33. c4 Ne4 34. c5
Be8 35. Ra5 Kf7 36. Re1 Nd2 37. Re7+ Kg6 38. Raa7 1-0

[Event "?"]
[Site "ICS rated blitz match, 164.58"]
[Date "1997.??.??"]
[Round "?"]
[White "Brause"]
[Black "Neptune"]
[Result "1-0"]
[WhiteElo "2385"]
[BlackElo "1720"]
[PlyCount "55"]

1. e4 e5 2. Nf3 Nc6 3. Nc3 Nf6 4. Nxe5 Nxe5 5. d4 Ng6 6. e5 Be7 7. exf6 Bxf6 8.
Bc4 O-O 9. O-O c6 10. Be3 d5 11. Bb3 Be6 12. Re1 Qd7 13. Qd2 Rfe8 14. Re2 Nf8
15. Na4 b6 16. Rae1 Bf5 17. Nc3 Re6 18. Bg5 Bxg5 19. Qxg5 Bg6 20. Qf4 Rae8 21.
f3 b5 22. a3 a5 23. Qd2 R8e7 24. Qc1 Qe8 25. Qd1 Nd7 26. Qd2 b4 27. Rxe6 Rxe6
28. Rxe6 1-0

[Event "?"]
[Site "ICS rated blitz match, 164.58"]
[Date "1997.??.??"]
[Round "?"]
[White "Brause"]
[Black "Neptune"]
[Result "1-0"]
[WhiteElo "2385"]
[BlackElo "1720"]
[PlyCount "75"]

1. e4 e5 2. Nf3 Nc6 3. Nc3 Nf6 4. Nxe5 Nxe5 5. d4 Ng6 6. e5 Be7 7. exf6 Bxf6 8.
Bc4 O-O 9. O-O c6 10. Be3 d5 11. Bb3 Be6 12. Re1 Qd7 13. Qd2 Rfe8 14. Re2 Re7
15. Rae1 Rae8 16. Na4 b6 17. Nc3 h6 18. Kh1 Nf8 19. f3 Bf5 20. Kg1 Bg6 21. Bf2
Rxe2 22. Nxe2 Re6 23. a3 Qe7 24. c4 Qd8 25. cxd5 cxd5 26. Nf4 Rd6 27. Nxg6 Nxg6
28. Ba4 Kh7 29. Bg3 Re6 30. Rxe6 fxe6 31. Qd3 Qe7 32. Bc2 Qf7 33. Bd6 h5 34.
Bb8 a5 35. Bd6 Kh6 36. Kh1 Bg5 37. Bc7 Nh4 38. Qh7# 1-0

[Event "?"]
[Site "ICS rated blitz match, 164.58"]
[Date "1997.??.??"]
[Round "?"]
[White "Brause"]
[Black "Neptune"]
[Result "1-0"]
[WhiteElo "2385"]
[BlackElo "1720"]
[PlyCount "87"]

1. e4 e5 2. Nf3 Nc6 3. Nc3 Nf6 4. Nxe5 Nxe5 5. d4 Ng6 6. e5 Be7 7. Bc4 O-O 8.
exf6 Bxf6 9. O-O c6 10. Be3 d5 11. Bb3 Be6 12. Re1 Qd7 13. Qd2 h6 14. Re2 Rfe8
15. Na4 b6 16. f3 Nf8 17. Nc3 b5 18. a3 Bf5 19. Rae1 Re6 20. Bf4 Rae8 21. Rxe6
Rxe6 22. Be5 Qe7 23. Qf4 Bg6 24. Qe3 Nd7 25. f4 Bxe5 26. fxe5 f6 27. Nxd5 cxd5
28. Bxd5 fxe5 29. dxe5 Bf7 30. Bxe6 Bxe6 31. Qxa7 b4 32. a4 Qc5+ 33. Qxc5 Nxc5
34. a5 Kf7 35. Rf1+ Ke7 36. Rf4 Na6 37. Kf2 Kd7 38. Rd4+ Kc7 39. Ke3 Bd7 40.
Rd6 Bc6 41. Rg6 Nc5 42. Kd4 Nd7 43. Rxg7 Kb7 44. e6 1-0

[Event "?"]
[Site "ICS rated blitz match, 164.58"]
[Date "1997.??.??"]
[Round "?"]
[White "Brause"]
[Black "Neptune"]
[Result "1-0"]
[WhiteElo "2385"]
[BlackElo "1720"]
[PlyCount "79"]

1. e4 e5 2. Nf3 Nc6 3. Nc3 Nf6 4. Nxe5 Nxe5 5. d4 Ng6 6. e5 Be7 7. exf6 Bxf6 8.
Bc4 O-O 9. O-O c6 10. Be3 d5 11. Bb3 Re8 12. Rc1 Nf8 13. Qd3 g6 14. Qd2 Ne6 15.
f4 Ng7 16. Rfe1 b6 17. Bf2 Bb7 18. Rxe8+ Nxe8 19. Re1 Nd6 20. Qd3 Bg7 21. Qe3
Qd7 22. Qe7 Rd8 23. a3 Bf8 24. Qh4 Re8 25. Rxe8 Qxe8 26. Qf6 Qe7 27. Qe5 f6 28.
Qe1 f5 29. Qe5 Ne4 30. Nxe4 fxe4 31. Be1 Qxe5 32. fxe5 c5 33. c4 dxc4 34. Bxc4+
Kg7 35. d5 a6 36. d6 b5 37. Be6 g5 38. Bf2 c4 39. d7 Be7 40. Bb6 1-0

[Event "?"]
[Site "ICS rated blitz match, 164.58"]
[Date "1997.??.??"]
[Round "?"]
[White "Brause"]
[Black "Neptune"]
[Result "1-0"]
[WhiteElo "2385"]
[BlackElo "1720"]
[PlyCount "68"]

1. e4 e5 2. Nf3 Nc6 3. Nc3 Nf6 4. Nxe5 Nxe5 5. d4 Ng6 6. e5 Be7 7. Bc4 O-O 8.
exf6 Bxf6 9. O-O c6 10. Be3 d5 11. Bb3 Re8 12. Qd3 Nf8 13. Rfe1 b5 14. Ne2 g6
15. Bh6 a5 16. c3 a4 17. Bc2 Bf5 18. Qd2 Bxc2 19. Qxc2 Re6 20. Nf4 Rxe1+ 21.
Rxe1 Qd7 22. Nd3 Re8 23. Rxe8 Qxe8 24. Qd2 Ne6 25. Qe3 Bg7 26. Bxg7 Kxg7 27. f3
f6 28. Kf2 Kf7 29. Qh6 Qg8 30. Nb4 Nd8 31. Ke3 Qe8+ 32. Kd2 Kg8 33. h4 Nf7 34.
Qf4 h6 1-0

[Event "?"]
[Site "ICS rated blitz match, 164.58"]
[Date "1997.??.??"]
[Round "?"]
[White "Brause"]
[Black "Neptune"]
[Result "1-0"]
[WhiteElo "2385"]
[BlackElo "1720"]
[PlyCount "67"]

1. e4 e5 2. Nf3 Nc6 3. Nc3 Nf6 4. Nxe5 Nxe5 5. d4 Ng6 6. e5 Be7 7. Bc4 O-O 8.
exf6 Bxf6 9. O-O c6 10. Be3 d5 11. Bb3 Re8 12. Qd3 Nf8 13. Rfe1 g6 14. Qd2 b5
15. Ne2 a5 16. c3 Bb7 17. Bh6 Nd7 18. Qf4 Nb6 19. Bc2 a4 20. Ng3 Bg7 21. Rxe8+
Qxe8 22. Bxg7 Kxg7 23. Qc7 Nc4 24. Qxb7 h5 25. Rb1 Rb8 26. Qc7 h4 27. Nf1 Rc8
28. Qf4 Qe2 29. Qc1 Re8 30. b3 Nd6 31. bxa4 Ne4 32. Bxe4 Rxe4 33. axb5 h3 34.
Ng3 1-0

[Event "?"]
[Site "ICS rated blitz match, 164.58"]
[Date "1997.??.??"]
[Round "?"]
[White "Brause"]
[Black "Neptune"]
[Result "1-0"]
[WhiteElo "2385"]
[BlackElo "1720"]
[PlyCount "41"]

1. e4 e5 2. Nf3 Nc6 3. Nc3 Nf6 4. Nxe5 Nxe5 5. d4 Ng6 6. e5 Be7 7. Bc4 O-O 8.
exf6 Bxf6 9. O-O c6 10. Be3 d5 11. Bb3 Be6 12. Re1 Qd6 13. Qd2 Bd8 14. Qe2 Bc7
15. Qh5 Rae8 16. Rad1 f5 17. Bg5 f4 18. Re2 f3 19. gxf3 Bf7 20. Rxe8 Bxe8 21.
Ne4 1-0

[Event "?"]
[Site "ICS rated blitz match, 164.58"]
[Date "1997.??.??"]
[Round "?"]
[White "Brause"]
[Black "Neptune"]
[Result "1-0"]
[WhiteElo "2385"]
[BlackElo "1720"]
[PlyCount "53"]

1. e4 e5 2. Nf3 Nc6 3. Nc3 Nf6 4. Nxe5 Nxe5 5. d4 Ng6 6. e5 Be7 7. exf6 Bxf6 8.
Bc4 O-O 9. O-O c6 10. Be3 d5 11. Bb3 Be6 12. Re1 Qd6 13. Qd2 Rae8 14. Na4 b6
15. a3 Bd8 16. Qb4 Qd7 17. c4 Be7 18. Qc3 f5 19. Rac1 f4 20. Bd2 f3 21. gxf3
Bh3 22. cxd5 cxd5 23. Qc6 Qxc6 24. Rxc6 Bh4 25. Bxd5+ Kh8 26. Rxe8 Rxe8 27. Be4
1-0

[Event "?"]
[Site "ICS rated blitz match, 164.58"]
[Date "1997.??.??"]
[Round "?"]
[White "Brause"]
[Black "Neptune"]
[Result "1-0"]
[WhiteElo "2385"]
[BlackElo "1720"]
[PlyCount "89"]

1. e4 e5 2. Nf3 Nc6 3. Nc3 Nf6 4. Nxe5 Nxe5 5. d4 Ng6 6. e5 Be7 7. Bc4 O-O 8.
exf6 Bxf6 9. O-O c6 10. Be3 d5 11. Bb3 Be6 12. Re1 Qd6 13. Qd2 h6 14. Rad1 b5
15. Ne2 a5 16. c3 Rae8 17. Bc2 Bd8 18. Bxg6 fxg6 19. Bf4 Qd7 20. Be5 Bc7 21.
Nf4 Bxe5 22. Rxe5 Bf5 23. Nd3 Bxd3 24. Qxd3 Rxe5 25. dxe5 Qf5 26. Qxf5 gxf5 27.
f4 g5 28. Rd4 Kf7 29. g3 Ke6 30. Kf2 Rg8 31. Rd3 g4 32. Ke3 h5 33. Kd4 Rh8 34.
Kc5 Kd7 35. b3 h4 36. c4 bxc4 37. bxc4 hxg3 38. hxg3 Rh2 39. cxd5 cxd5 40. Kxd5
Rxa2 41. e6+ Ke7 42. Ke5 Rb2 43. Rd7+ Ke8 44. Kxf5 Rb6 45. Ra7 1-0

[Event "?"]
[Site "ICS rated blitz match, 164.58"]
[Date "1997.??.??"]
[Round "?"]
[White "Brause"]
[Black "Neptune"]
[Result "1-0"]
[WhiteElo "2385"]
[BlackElo "1720"]
[PlyCount "45"]

1. e4 e5 2. Nf3 Nc6 3. Nc3 Nf6 4. Nxe5 Nxe5 5. d4 Ng6 6. e5 Be7 7. Bc4 O-O 8.
exf6 Bxf6 9. O-O c6 10. Be3 d5 11. Bb3 Re8 12. Qd3 Be6 13. Rad1 b5 14. Nb1 Qd6
15. Rde1 Bd8 16. Nd2 Bc7 17. f4 Ne7 18. Nf3 Bf5 19. Qe2 Be4 20. c3 Nf5 21. Bd2
h6 22. Ne5 f6 23. Qxe4 1-0

[Event "?"]
[Site "ICS rated blitz match, 164.58"]
[Date "1997.??.??"]
[Round "?"]
[White "Brause"]
[Black "Neptune"]
[Result "1-0"]
[WhiteElo "2385"]
[BlackElo "1720"]
[PlyCount "63"]

1. e4 e5 2. Nf3 Nc6 3. Nc3 Nf6 4. Nxe5 Nxe5 5. d4 Ng6 6. e5 Be7 7. Bc4 O-O 8.
exf6 Bxf6 9. O-O c6 10. Be3 d5 11. Bb3 Be6 12. Re1 b5 13. a3 a5 14. f4 a4 15.
Ba2 Qd6 16. Rf1 Ne7 17. Qd2 Nf5 18. Bf2 Bd8 19. Rad1 Bc7 20. Ne2 Rae8 21. Qc3
Kh8 22. Rde1 f6 23. Qd3 g5 24. Ng3 Qd7 25. Rxe6 Rxe6 26. Qxf5 Re7 27. fxg5 Bxg3
28. Bxg3 Qxf5 29. Rxf5 Kg7 30. gxf6+ Rxf6 31. Rxf6 Kxf6 32. Bh4+ 1-0

[Event "?"]
[Site "ICS rated blitz match, 164.58"]
[Date "1997.??.??"]
[Round "?"]
[White "Brause"]
[Black "Neptune"]
[Result "1-0"]
[WhiteElo "2385"]
[BlackElo "1720"]
[PlyCount "53"]

1. e4 e5 2. Nf3 Nc6 3. Nc3 Nf6 4. Nxe5 Nxe5 5. d4 Ng6 6. e5 Be7 7. Bc4 O-O 8.
exf6 Bxf6 9. O-O c6 10. Be3 d5 11. Bb3 Be6 12. Re1 b5 13. a3 a5 14. f4 Qc7 15.
Qf3 Ne7 16. Rad1 g6 17. Bf2 Rfe8 18. Re2 Rab8 19. f5 Nxf5 20. g4 Bxd4 21. Bxd4
Nxd4 22. Rxd4 c5 23. Nxd5 Bxd5 24. Rxd5 c4 25. Ba2 Rxe2 26. Qxe2 Qf4 27. Kg2
1-0

[Event "?"]
[Site "ICS rated blitz match, 164.58"]
[Date "1997.??.??"]
[Round "?"]
[White "Brause"]
[Black "Neptune"]
[Result "1-0"]
[WhiteElo "2385"]
[BlackElo "1720"]
[PlyCount "53"]

1. e4 e5 2. Nf3 Nc6 3. Nc3 Nf6 4. Nxe5 Nxe5 5. d4 Ng6 6. e5 Be7 7. Bc4 O-O 8.
exf6 Bxf6 9. O-O c6 10. Be3 d5 11. Bb3 Bg5 12. Re1 Bxe3 13. Rxe3 Re8 14. Rxe8+
Qxe8 15. Qd3 Be6 16. Re1 Qd7 17. Na4 b6 18. Nc3 Re8 19. Qg3 Kf8 20. Re3 Bf5 21.
Rxe8+ Kxe8 22. Qb8+ Ke7 23. Qg8 Qe6 24. Kf1 Qf6 25. Bxd5 Nf8 26. Bb3 Qxd4 27.
Qxf7+ 1-0

[Event "?"]
[Site "ICS rated blitz match, 164.58"]
[Date "1997.??.??"]
[Round "?"]
[White "Brause"]
[Black "Neptune"]
[Result "1-0"]
[WhiteElo "2385"]
[BlackElo "1720"]
[PlyCount "87"]

1. e4 e5 2. Nf3 Nc6 3. Nc3 Nf6 4. Nxe5 Nxe5 5. d4 Ng6 6. e5 Be7 7. Bc4 O-O 8.
exf6 Bxf6 9. O-O c6 10. Be3 d5 11. Bb3 Bg5 12. f4 Bf6 13. Qd3 Re8 14. Rad1 b5
15. a3 a5 16. Rf2 Ne7 17. Rc1 Ba6 18. Nd1 Qd6 19. Ba2 Qe6 20. f5 Qe4 21. Qxe4
dxe4 22. Nc3 Nd5 23. Nxd5 cxd5 24. Bxd5 Rad8 25. Bc6 Rf8 26. c3 b4 27. axb4
axb4 28. Bxe4 Rfe8 29. Rf4 bxc3 30. bxc3 Bd3 31. Bxd3 Rxe3 32. Rd1 Rc8 33. c4
Rd8 34. Kf2 Re7 35. d5 Ra7 36. Re1 Ra2+ 37. Re2 Rxe2+ 38. Bxe2 Kf8 39. Bf3 Be5
40. Rh4 h6 41. c5 Ke7 42. Ke3 Ra8 43. d6+ Kd7 44. Bxa8 1-0

[Event "?"]
[Site "ICS rated blitz match, 164.58"]
[Date "1997.??.??"]
[Round "?"]
[White "Brause"]
[Black "Neptune"]
[Result "1-0"]
[WhiteElo "2385"]
[BlackElo "1720"]
[PlyCount "111"]

1. e4 e5 2. Nf3 Nc6 3. Nc3 Nf6 4. Nxe5 Nxe5 5. d4 Ng6 6. e5 Be7 7. Bc4 O-O 8.
exf6 Bxf6 9. O-O c6 10. Be3 d5 11. Bd3 Be6 12. Qh5 Qd7 13. Qe2 Bd8 14. Rae1 Bc7
15. Na4 b6 16. Nc3 Rae8 17. Qd2 f5 18. Qd1 f4 19. Bxg6 hxg6 20. Bd2 g5 21. f3
g4 22. Rf2 g3 23. hxg3 fxg3 24. Rfe2 Qf7 25. Rxe6 Rxe6 26. Rxe6 Qxe6 27. Qe2
Re8 28. Qxe6+ Rxe6 29. Kf1 Kf7 30. Ne2 Kf6 31. f4 g5 32. fxg5+ Kg6 33. Ng1 Re4
34. Nf3 Bf4 35. Bxf4 Rxf4 36. Ke2 c5 37. dxc5 bxc5 38. b3 d4 39. a3 a5 40. Kf1
Kf5 41. Ke1 Rxf3 42. gxf3 Kxg5 43. a4 Kh4 44. Kf1 Kh3 45. Kg1 g2 46. f4 Kg4 47.
Kxg2 Kxf4 48. Kf2 Ke4 49. Ke2 Ke5 50. Kd3 Kd5 51. c3 dxc3 52. Kxc3 Kd6 53. Kd2
Kd5 54. Kd3 Kd6 55. Ke4 Kc6 56. Ke5 1-0

[Event "?"]
[Site "ICS rated blitz match, 164.58"]
[Date "1997.??.??"]
[Round "?"]
[White "Brause"]
[Black "albertpinto"]
[Result "1-0"]
[WhiteElo "2375"]
[BlackElo "1915"]
[PlyCount "67"]

1. e4 e5 2. Nf3 Nc6 3. Nc3 Nf6 4. Nxe5 Nxe5 5. d4 Ng6 6. e5 Ng8 7. Bc4 d6 8.
Qf3 Be6 9. Qxb7 N8e7 10. Nb5 Rc8 11. Bxe6 fxe6 12. exd6 cxd6 13. Qxa7 Nc6 14.
Qa4 Qd7 15. Be3 Be7 16. O-O O-O 17. Rfe1 e5 18. dxe5 Ncxe5 19. Qb3+ Kh8 20. f3
Bf6 21. Rad1 Nc4 22. Bd4 Bxd4+ 23. Rxd4 Qc6 24. Qb4 d5 25. Na7 Qf6 26. Rxd5 Rc7
27. Nb5 Rcc8 28. b3 Nce5 29. Qd2 Nh4 30. Rexe5 Rce8 31. Rxe8 Rxe8 32. Nd6 Rf8
33. Qd4 Qh6 34. Nf7+ 1-0

[Event "?"]
[Site "ICS rated blitz match, 164.58"]
[Date "1997.??.??"]
[Round "?"]
[White "Brause"]
[Black "sapo"]
[Result "1-0"]
[WhiteElo "2385"]
[BlackElo "2085"]
[PlyCount "33"]

1. e4 e5 2. Nf3 Nc6 3. Nc3 Nf6 4. Nxe5 Nxe5 5. d4 Ng6 6. e5 Ng8 7. Bc4 d6 8.
Qf3 Qd7 9. O-O c6 10. exd6 Bxd6 11. Re1+ Kf8 12. Ne4 f6 13. Bxg8 Rxg8 14. Nxf6
gxf6 15. Qxf6+ Qf7 16. Bh6+ Rg7 17. Qd8+ 1-0

[Event "?"]
[Site "ICS rated blitz match, 164.58"]
[Date "1997.??.??"]
[Round "?"]
[White "Brause"]
[Black "sapo"]
[Result "1-0"]
[WhiteElo "2385"]
[BlackElo "2080"]
[PlyCount "57"]

1. e4 e5 2. Nf3 Nc6 3. Nc3 Nf6 4. Nxe5 Nxe5 5. d4 Ng6 6. e5 Ng8 7. Bc4 d6 8.
Qf3 Qd7 9. O-O dxe5 10. dxe5 Nxe5 11. Re1 Bd6 12. Bf4 f6 13. Bb5 c6 14. Rad1
cxb5 15. Bxe5 fxe5 16. Ne4 Nf6 17. Nxd6+ Kf8 18. Rxe5 h6 19. Nxb5 Qxd1+ 20.
Qxd1 Bg4 21. Qd6+ Kf7 22. Re7+ Kg6 23. Qd3+ Bf5 24. Qg3+ Ng4 25. Nd6 Rad8 26.
f3 h5 27. fxg4 hxg4 28. Nxf5 Kxf5 29. Qe5+ 1-0

[Event "?"]
[Site "ICS rated blitz match, 164.58"]
[Date "1997.??.??"]
[Round "?"]
[White "Brause"]
[Black "HurtU"]
[Result "1-0"]
[WhiteElo "2390"]
[BlackElo "2855"]
[PlyCount "25"]

1. e4 e5 2. Nf3 Nc6 3. Nc3 Nf6 4. Nxe5 Nxe5 5. d4 Neg4 6. e5 Ng8 7. Qxg4 b6 8.
Qf3 c6 9. Bc4 Qe7 10. O-O Bb7 11. Ne4 O-O-O 12. Nd6+ Kb8 13. Nxf7 1-0

[Event "?"]
[Site "ICS rated blitz match, 164.58"]
[Date "1997.??.??"]
[Round "?"]
[White "Brause"]
[Black "megagurka"]
[Result "1-0"]
[WhiteElo "2385"]
[BlackElo "2830"]
[PlyCount "33"]

1. e4 e5 2. Nf3 Nc6 3. Nc3 Nf6 4. Nxe5 Nxe5 5. d4 Nc6 6. d5 Ne5 7. f4 Ng6 8. e5
Ng8 9. d6 cxd6 10. exd6 Bxd6 11. Qxd6 Qe7+ 12. Qxe7+ N6xe7 13. Nb5 Kd8 14. Bd3
Nf6 15. O-O a6 16. Nd6 Rf8 17. Be3 1-0